| 000 | 00581nam a22001937a 4500 | ||
|---|---|---|---|
| 003 | KOHA_MİRAKIL | ||
| 005 | 20251127100303.0 | ||
| 008 | 251127b tu ||||| |||| 00| 0 tur d | ||
| 020 | _a9786254292125 | ||
| 040 |
_aTR-AnABB _btur _cTR-AnABB |
||
| 041 | _atur | ||
| 082 |
_a843.7 _bMUS 2022 |
||
| 100 | 1 | _aMusset, Alfred de, | |
| 245 | 1 | 0 |
_aBir zamane çocuğunun itirafları / _cAlfred De Musset |
| 260 |
_aİstanbul : _bTürkiye İş Bankası Kültür Yayınları, _c2022 |
||
| 300 |
_a300 sayfa ; _c21 cm |
||
| 650 | 0 | 4 | _aFransız edebiyatı, roman |
| 942 |
_2ddc _cBK |
||
| 999 |
_c9663 _d9663 |
||
| 900 | _bGizem YORULMAZ | ||